| 000 | 01067nam0a22002771 4500 | ||
|---|---|---|---|
| 001 | rc\176113 | ||
| 005 | 20250620221105.0 | ||
| 035 | _a(NLR Aleph) 005437140 | ||
| 090 |
_a4718294 _c4718294 |
||
| 100 | _a20030307d1994 |||y0rusy50 ca | ||
| 101 | 0 | _arus | |
| 102 | _aRU | ||
| 105 | _ay ||||||||| | ||
| 200 | 1 |
_aПроизводство свинины в фермерском, крестьянском и приусадебном хозяйстве _fГ.С. Походня, О.И. Походня, Ю.В. Засуха _gБелгор. гос. с.-х. акад. |
|
| 210 |
_aБелгород _cБелгор. ГСХА _d1994 |
||
| 215 |
_a193 с. _d20 |
||
| 320 | _aБиблиогр.: с. 190-191 (38 назв.) | ||
| 700 | 1 |
_aПоходня _bГ. С. _f1949- _gГригорий Семенович |
|
| 701 | 1 |
_aПоходня _bО. И. _gОльга Ивановна |
|
| 701 | 1 |
_aЗасуха _bЮ. В. _gЮрий Васильевич |
|
| 801 | 0 |
_aRU _bNLR _gpsbo |
|
| 801 | 1 |
_aRU _bELAR _2rusmarc |
|
| 852 |
_aNLR _j95-3/3413 |
||
| 942 | _cBOOK | ||
| 980 | _aNB | ||